Countries with most players in Big 5 football leagues - Statistics

General Stats
  • This quiz has been taken 58 times
  • The average score is 15 of 20
Answer Stats
Hint Answer % Correct
313 France
100%
420 Spain
100%
211 England
96%
252 Germany
96%
58 Portugal
92%
262 Italy
90%
95 Brazil
84%
65 Argentina
82%
51 Belgium
78%
59 Netherlands
78%
28 Poland
71%
32 Austria
67%
41 Denmark
67%
32 Croatia
63%
33 Switzerland
63%
38 Morocco
61%
41 Senegal
61%
26 Colombia
55%
37 Serbia
53%
32 Ivory Coast
25%
No matching quizzes found
Score Distribution
Percent of People with Each Score
Percentile by Number Answered
Your Score History
You have not taken this quiz